| 000 | 00802nam a2200217Ia 4500 | ||
|---|---|---|---|
| 001 | 10300 | ||
| 003 | GE_BSU | ||
| 008 | 181216s||||||||xx |||||||||||||| ||und|| | ||
| 040 | _cGE_BSU | ||
| 080 | _a821.353.1-92 | ||
| 100 | _aფანჯიკიძე,გურამ | ||
| 245 | _aსიმართლე,მხოლოდ სიმართლე! | ||
| 245 | _b[წერილები] | ||
| 245 | _cრედ.მილიცა ჯაფარიძე.სპეც.რედ.გურამ გვერდწითელი;მხატვ.გ.ღლონტი | ||
| 260 | _aთბილისი | ||
| 260 | _bმერანი | ||
| 260 | _c1990 | ||
| 300 | _a334გვ.20სმ. | ||
| 653 | _aსიმართლე,მხოლოდ სიმართლე | ||
| 942 | _cBK | ||
| 999 |
_c43567 _d43567 |
||